[Event "Politiken Cup 2011"]
[Site "Helsingor"]
[Date "2011.08.01"]
[Round "4.111"]
[White "Wahlgren, Christer"]
[Black "Hess, Peter"]
[Result "1/2-1/2"]
[WhiteElo "1745"]
[BlackElo "1948"]
[PlyCount "120"]
[EventDate "2011.??.??"]
[WhiteTeam "Eslov"]

1. d4 d5 2. f4 Nf6 3. Nf3 Bf5 4. e3 e6 5. c4 c6 6. Be2 Nbd7 7. O-O Be7 8. Nc3
O-O 9. Ne5 Ne4 10. Bd2 f6 11. Nxd7 Qxd7 12. Nxe4 Bxe4 13. Bc3 b6 14. Bd3 f5 15.
Bxe4 dxe4 16. b4 Rfd8 17. c5 a5 18. bxa5 bxc5 19. Qb3 cxd4 20. Bxd4 c5 21. Be5
Qd5 22. Rfd1 Qxb3 23. axb3 Rxd1+ 24. Rxd1 Rxa5 25. Rd7 Bf6 26. Bxf6 gxf6 27.
Rc7 Rb5 28. Kf2 Rxb3 29. Rxc5 Rb7 30. Rc6 Kf7 31. Rc8 Re7 32. Rh8 Kg7 33. Rc8
e5 34. fxe5 fxe5 35. Rc4 Kf6 36. Rc6+ Kg5 37. Rc8 f4 38. Rg8+ Kf6 39. Rc8 Ke6
40. Rc4 Rg7 41. Rxe4 Kd5 42. Ra4 fxe3+ 43. Kxe3 Rxg2 44. Rh4 Rg7 45. Rh6 Ra7
46. Rh5 Rb7 47. Rh4 Ra7 48. Rh5 Ra3+ 49. Ke2 Kd4 50. Rxh7 Ra2+ 51. Kf3 e4+ 52.
Kf4 Rf2+ 53. Kg5 e3 54. h4 Ke4 55. Re7+ Kd3 56. h5 e2 57. Rxe2 Rxe2 58. h6 Ke4
59. h7 Rh2 60. Kg6 Rxh7 1/2-1/2

[Event "Politiken Cup 2011"]
[Site "Helsingor"]
[Date "2011.08.01"]
[Round "4.112"]
[White "Asmund, Erik"]
[Black "Munk, Poul"]
[Result "0-1"]
[WhiteElo "1739"]
[BlackElo "1942"]
[PlyCount "64"]
[EventDate "2011.??.??"]
[WhiteTeam "Gråsten"]
[BlackTeam "BMS"]

1. e4 e6 2. d4 d5 3. e5 c5 4. Nf3 Nc6 5. Be3 cxd4 6. Bxd4 Nxd4 7. Nxd4 Bd7 8.
b3 Qc7 9. f4 Bb4+ 10. Kf2 Bc5 11. c3 a6 12. g3 Ba7 13. Kg2 Ne7 14. Be2 Rc8 15.
c4 dxc4 16. bxc4 Qc5 17. Nb3 Bc6+ 18. Kh3 Qf2 19. Qf1 Bxh1 20. Qxf2 Bxf2 21.
N1d2 Bc6 22. Rf1 Be3 23. Bf3 Bxf3 24. Rxf3 Bxd2 25. Nxd2 h5 26. Ne4 Nf5 27. Rc3
O-O 28. a4 Rfd8 29. a5 Rd4 30. Nd6 Nxd6 31. exd6 Rxd6 32. Rb3 Rc7 0-1

[Event "Politiken Cup 2011"]
[Site "Helsingor"]
[Date "2011.08.01"]
[Round "4.131"]
[White "Dyrhaug, Sverre S"]
[Black "Krokay, Urszula"]
[Result "0-1"]
[WhiteElo "1019"]
[BlackElo "1940"]
[PlyCount "60"]
[EventDate "2011.??.??"]
[WhiteTeam "Stavanger"]
[BlackTeam "Oksir Wiznia Mala"]

1. e4 e5 2. Nf3 Nc6 3. Bc4 Nf6 4. d3 Bc5 5. c3 d6 6. d4 exd4 7. cxd4 Bb4+ 8.
Bd2 Bxd2+ 9. Nbxd2 O-O 10. h3 Re8 11. Bd3 Bf5 12. Qe2 Nxe4 13. O-O Ng3 14. Qd1
Bxd3 15. fxg3 Bxf1 16. Qxf1 Qf6 17. Qd3 Qg6 18. Qb5 Qxg3 19. Qxb7 Nxd4 20. Nxd4
Qe3+ 21. Kh2 Qxd4 22. Nf3 Qf4+ 23. Kh1 Rab8 24. Qxc7 Rxb2 25. Qc6 Rbe2 26. Ng1
R2e3 27. Rd1 R3e6 28. Nf3 h6 29. Rd4 Re1+ 30. Ng1 Qxd4 0-1

[Event "Politiken Cup 2011"]
[Site "Helsingor"]
[Date "2011.08.01"]
[Round "4.113"]
[White "Rasmussen, Morten"]
[Black "Larsen, Hans Haagen"]
[Result "1-0"]
[WhiteElo "1931"]
[BlackElo "1732"]
[PlyCount "43"]
[EventDate "2011.??.??"]
[WhiteTeam "Skanderborg"]
[BlackTeam "AS04"]

1. d4 g6 2. Nf3 Bg7 3. Bg5 d6 4. e4 Nc6 5. Bb5 Bd7 6. c3 f6 7. Bh4 Nh6 8. O-O
O-O 9. Re1 Nf7 10. Nbd2 Qe8 11. Bxc6 bxc6 12. e5 fxe5 13. dxe5 Nxe5 14. Qb3+
Kh8 15. Nxe5 Bxe5 16. Qb7 Rb8 17. Qxc7 Rxb2 18. Nc4 Rbxf2 19. Nxe5 dxe5 20.
Bxf2 Qf7 21. Qxe5+ Kg8 22. Bd4 1-0

[Event "Politiken Cup 2011"]
[Site "Helsingor"]
[Date "2011.08.01"]
[Round "4.114"]
[White "Jorgensen, Morten"]
[Black "Raab, Hendrik"]
[Result "1/2-1/2"]
[WhiteElo "1727"]
[BlackElo "1927"]
[PlyCount "99"]
[EventDate "2011.??.??"]
[WhiteTeam "Tårnby"]
[BlackTeam "Sabt Frankfurter SV 1860"]

1. d4 f5 2. c4 Nf6 3. Nc3 g6 4. Nf3 d6 5. e3 Bg7 6. Be2 O-O 7. O-O Nbd7 8. b3
Qe8 9. Nb5 Qd8 10. Rb1 c6 11. Nc3 Re8 12. Ba3 Qa5 13. Qc1 Qc7 14. d5 Nf8 15.
Rd1 Bd7 16. dxc6 bxc6 17. h3 a5 18. Bb2 Red8 19. Ba3 h6 20. Nh2 Be6 21. Bf3
N8d7 22. Nf1 Rab8 23. Ng3 Ne5 24. Be2 Kh7 25. f4 Ned7 26. Bf3 Nb6 27. e4 fxe4
28. Ncxe4 Nxe4 29. Bxe4 Rf8 30. Nh5 Bh8 31. Bb2 Bxb2 32. Qxb2 Rf7 33. Qc2 Bf5
34. Ng3 Bxe4 35. Qxe4 d5 36. Qe6 Rf6 37. Qe5 Qxe5 38. fxe5 Re6 39. cxd5 cxd5
40. Re1 Rc8 41. Rb2 Rc3 42. Nf1 Rec6 43. Rbe2 e6 44. Ne3 Nd7 45. Nxd5 exd5 46.
e6 Nf6 47. e7 Rc1 48. e8=Q Nxe8 49. Rxe8 Rxe1+ 50. Rxe1 1/2-1/2

[Event "Politiken Cup 2011"]
[Site "Helsingor"]
[Date "2011.08.01"]
[Round "4.115"]
[White "Nielsen, Jens Holm"]
[Black "Johnsen, Oystein"]
[Result "0-1"]
[WhiteElo "1920"]
[BlackElo "1724"]
[PlyCount "82"]
[EventDate "2011.??.??"]
[WhiteTeam "Amager"]
[BlackTeam "Tonsberg"]

1. Nc3 d5 2. e4 dxe4 3. Nxe4 Bf5 4. Qf3 Bxe4 5. Qxe4 c6 6. Bc4 Nf6 7. Qf3 e6 8.
Ne2 Nbd7 9. d4 Be7 10. O-O O-O 11. Be3 Nd5 12. Bb3 Bf6 13. Rad1 Qc7 14. c3 a5
15. Bc2 Rfe8 16. Bc1 g6 17. Ng3 Bg7 18. Bb1 N7f6 19. c4 Ne7 20. Bg5 Nf5 21.
Nxf5 exf5 22. b3 Ne4 23. Bxe4 Rxe4 24. d5 cxd5 25. Rxd5 Rae8 26. Qd3 h6 27. Bd2
b6 28. Rd7 Qe5 29. Rd8 Rd4 30. Rxe8+ Qxe8 31. Qe3 Qd8 32. Bc3 Rd3 33. Bf6 Bxf6
34. Qxh6 Rd1 35. g3 Rxf1+ 36. Kxf1 Qd1+ 37. Kg2 Qe2 38. Qf4 Qe4+ 39. Qxe4 fxe4
40. Kf1 Bd4 41. Ke2 f5 0-1

[Event "Politiken Cup 2011"]
[Site "Helsingor"]
[Date "2011.08.01"]
[Round "4.116"]
[White "Marshall, Michael"]
[Black "Seirup, Simon"]
[Result "1-0"]
[WhiteElo "1918"]
[BlackElo "1694"]
[PlyCount "69"]
[EventDate "2011.??.??"]
[WhiteTeam "Odysseus"]
[BlackTeam "Jyderup"]

1. c4 e5 2. g3 Nf6 3. Bg2 d5 4. cxd5 Nxd5 5. Nc3 Be6 6. Nf3 Nc6 7. O-O f6 8. d4
Nxc3 9. bxc3 e4 10. Nd2 f5 11. e3 h5 12. f3 Qg5 13. Qe1 h4 14. fxe4 Bd6 15. e5
Be7 16. Nf3 Qg6 17. Qf2 Bd5 18. Nd2 Bxg2 19. Qxg2 Bg5 20. e4 Be3+ 21. Kh1 hxg3
22. exf5 Qg4 23. Nf3 Bf2 24. Rxf2 gxf2 25. f6 gxf6 26. Qxg4 f1=Q+ 27. Ng1 Qf2
28. Nf3 Kf7 29. Ba3 Ne7 30. Qf4 Kg7 31. Bxe7 Rxh2+ 32. Qxh2 Rh8 33. Rg1+ Qxg1+
34. Kxg1 Rxh2 35. Kxh2 1-0

[Event "Politiken Cup 2011"]
[Site "Helsingor"]
[Date "2011.08.01"]
[Round "4.117"]
[White "Amarapala, Sherington"]
[Black "Tandrup, Michael"]
[Result "0-1"]
[WhiteElo "1709"]
[BlackElo "1917"]
[PlyCount "62"]
[EventDate "2011.??.??"]
[WhiteTeam "Lorenskog"]
[BlackTeam "Herlev"]

1. e4 c5 2. Nf3 Nc6 3. d4 cxd4 4. Nxd4 e5 5. Nb5 a6 6. N5a3 Nf6 7. Bd3 b5 8. c3
Be7 9. Be3 O-O 10. O-O d6 11. f3 d5 12. Nd2 d4 13. cxd4 Nxd4 14. Nc2 Ne6 15.
Nb3 Nf4 16. Bxf4 exf4 17. Qd2 Qb6+ 18. Kh1 Rd8 19. Rfd1 Nh5 20. Qc3 Ng3+ 21.
hxg3 fxg3 22. Qd2 Rxd3 23. Qxd3 Qh6+ 24. Kg1 Qh2+ 25. Kf1 Qh1+ 26. Ke2 Qxg2+
27. Ke3 Qf2+ 28. Kf4 g5+ 29. Ke5 f6+ 30. Kd5 Qb6 31. Qe3 Be6# 0-1

[Event "Politiken Cup 2011"]
[Site "Helsingor"]
[Date "2011.08.01"]
[Round "4.118"]
[White "Pedersen, Lars Foldager"]
[Black "Jorgensen, Orla Eilegaard"]
[Result "1/2-1/2"]
[WhiteElo "1916"]
[BlackElo "1673"]
[PlyCount "82"]
[EventDate "2011.??.??"]
[WhiteTeam "Frederiksberg"]
[BlackTeam "Allerød"]

1. e4 c5 2. Nf3 d6 3. d4 cxd4 4. Nxd4 Nc6 5. Be3 Nf6 6. f3 a6 7. Nc3 Qc7 8. Be2
b5 9. a3 Bb7 10. O-O g6 11. f4 Bg7 12. Bf3 O-O 13. Kh1 e5 14. Nde2 Rac8 15. Qe1
b4 16. Nd5 Nxd5 17. exd5 Ne7 18. Qxb4 Bxd5 19. Nc3 Rb8 20. Qa4 Bxf3 21. Rxf3
Rxb2 22. Ne4 exf4 23. Bd4 Rxc2 24. Rxf4 Rc1+ 25. Rf1 Rxa1 26. Rxa1 Rc8 27. h3
Qc4 28. Qxc4 Rxc4 29. Bxg7 Rxe4 30. Bf6 Re6 31. Bc3 d5 32. Rd1 f5 33. Bb4 Kf7
34. Bxe7 Kxe7 35. Rxd5 Rd6 36. Rc5 Kf6 37. Kg1 g5 38. a4 h5 39. a5 g4 40. hxg4
hxg4 41. g3 Re6 1/2-1/2

[Event "Politiken Cup 2011"]
[Site "Helsingor"]
[Date "2011.08.01"]
[Round "4.119"]
[White "Larsen, Henrik Falk"]
[Black "Hansen, Verner"]
[Result "0-1"]
[WhiteElo "1619"]
[BlackElo "1915"]
[PlyCount "66"]
[EventDate "2011.??.??"]
[WhiteTeam "Enkeltmedlem"]
[BlackTeam "Espergærde"]

1. d4 d5 2. e3 Nf6 3. c4 c6 4. Nc3 Bf5 5. Nf3 e6 6. a3 Nbd7 7. b4 dxc4 8. Bxc4
Nb6 9. Bd3 Bxd3 10. Qxd3 a6 11. O-O Nbd5 12. Bb2 Qc7 13. Nxd5 exd5 14. g3 Bd6
15. Rac1 O-O 16. Nh4 Rae8 17. Nf5 Re6 18. Nxd6 Qxd6 19. a4 Rfe8 20. b5 axb5 21.
axb5 Ne4 22. bxc6 bxc6 23. Ba3 Qd7 24. Rfe1 Rf6 25. Rc2 h5 26. Qf1 Qf5 27. Rec1
Ree6 28. Bb4 h4 29. Qg2 hxg3 30. hxg3 Ng5 31. Ra2 Nf3+ 32. Kf1 Qd3+ 33. Re2
Nxd4 0-1

[Event "Politiken Cup 2011"]
[Site "Helsingor"]
[Date "2011.08.01"]
[Round "4.130"]
[White "Holm, Henrik"]
[Black "Simonsen, Per"]
[Result "1/2-1/2"]
[WhiteElo "1853"]
[BlackElo "1912"]
[PlyCount "108"]
[EventDate "2011.??.??"]
[WhiteTeam "Hillerød"]

1. e4 c5 2. Nf3 Nc6 3. d4 cxd4 4. Nxd4 Nf6 5. Nc3 a6 6. Be3 e5 7. Nb3 d6 8. Be2
Be6 9. f3 Rc8 10. O-O h6 11. Qd2 g5 12. Rad1 Nh5 13. g3 Bh3 14. Rf2 Ng7 15. Nd5
Be7 16. c3 Ne6 17. Nxe7 Kxe7 18. Bf1 Bxf1 19. Rfxf1 f6 20. Qg2 Qc7 21. Rf2 Rcd8
22. Rfd2 h5 23. Qf2 Qb8 24. Bb6 Nc7 25. Rd3 h4 26. g4 Ke6 27. Qd2 Ne8 28. Nc5+
Ke7 29. Bxd8+ Nxd8 30. Nb3 Ne6 31. Qe3 Nf4 32. R3d2 Qc7 33. Nc1 Ke6 34. Ne2
Nxe2+ 35. Qxe2 Qc5+ 36. Kh1 Rh7 37. Qd3 Rc7 38. Qe2 Qc4 39. Qxc4+ Rxc4 40. Rd3
Rc6 41. Kg1 Rc4 42. b3 Rc6 43. Kf2 Rc7 44. Ke3 Rc8 45. Kd2 Rc7 46. Kc2 b6 47.
Kb2 Rc6 48. b4 Rc8 49. Kb3 Rc7 50. a4 Rc8 51. a5 b5 52. Rc1 Rc4 53. Rcd1 Ke7
54. R1d2 Ke6 1/2-1/2

[Event "Politiken Cup 2011"]
[Site "Helsingor"]
[Date "2011.08.01"]
[Round "4.120"]
[White "Rydstrom, Tom"]
[Black "Larsen, Poul M"]
[Result "1-0"]
[WhiteElo "1905"]
[BlackElo "1653"]
[PlyCount "49"]
[EventDate "2011.??.??"]
[BlackTeam "Haslev"]

1. e4 c6 2. d4 d5 3. Nc3 dxe4 4. Nxe4 Nf6 5. Nxf6+ gxf6 6. Be3 Bf5 7. Nf3 e6 8.
Qd2 Nd7 9. Nh4 Bg6 10. Nxg6 hxg6 11. g3 Nb6 12. c4 a5 13. a3 Qc7 14. O-O-O
O-O-O 15. Qxa5 Rh5 16. d5 Nxd5 17. Qa8+ Kd7 18. Qa7 Ke8 19. cxd5 cxd5+ 20. Kb1
d4 21. Qa4+ Rd7 22. Rxd4 Ra5 23. Rxd7 Qxd7 24. Qxa5 Qd1+ 25. Ka2 1-0

[Event "Politiken Cup 2011"]
[Site "Helsingor"]
[Date "2011.08.01"]
[Round "4.121"]
[White "Rauramaa, Julius"]
[Black "Wadtland, Flemming"]
[Result "1-0"]
[WhiteElo "1904"]
[BlackElo "1605"]
[PlyCount "53"]
[EventDate "2011.??.??"]
[WhiteTeam "Matinkylan Shakkikenho"]
[BlackTeam "Taastrup"]

1. e4 d6 2. d4 Nf6 3. Nc3 g6 4. Nf3 Bg7 5. Bc4 O-O 6. O-O b6 7. Re1 Bb7 8. Bf4
c5 9. dxc5 Nh5 10. Bg5 h6 11. Bh4 Bxc3 12. bxc3 bxc5 13. Qd3 Qd7 14. Rad1 Kh7
15. Qe3 Na6 16. Ne5 Qe8 17. Ng4 g5 18. Bxg5 Rg8 19. Nxh6 Rg7 20. Nf5 f6 21.
Nxg7 Nxg7 22. Qh3+ Qh5 23. Qxh5+ Nxh5 24. Be3 Bxe4 25. Bxa6 Rg8 26. g3 Bxc2 27.
Bd3+ 1-0

[Event "Politiken Cup 2011"]
[Site "Helsingor"]
[Date "2011.08.01"]
[Round "4.122"]
[White "Nielsen, Kai Gylling"]
[Black "Haukenes, Alise"]
[Result "1-0"]
[WhiteElo "1890"]
[BlackElo "1595"]
[PlyCount "67"]
[EventDate "2011.??.??"]
[WhiteTeam "Roskilde"]
[BlackTeam "Hamar"]

1. b3 e5 2. Bb2 Nc6 3. e3 Nf6 4. Bb5 d6 5. d4 exd4 6. Bxd4 Bd7 7. Bb2 Be7 8.
Nf3 O-O 9. O-O h6 10. Nc3 Bf5 11. Bd3 Qd7 12. e4 Bh7 13. Re1 Ne5 14. Nxe5 dxe5
15. Qe2 Bb4 16. a3 Ba5 17. b4 Bb6 18. Nd5 Nxd5 19. exd5 Bxd3 20. Qxd3 f6 21.
Rad1 Rfd8 22. c4 c5 23. Re4 Qf5 24. Qe2 Rac8 25. Rd3 Rc7 26. Rf3 Qc8 27. Bc1
Rf8 28. Rg3 Kh8 29. Qh5 Qe8 30. Rg6 f5 31. Rh4 Rf6 32. Rxh6+ Rxh6 33. Qxe8+ Kh7
34. Bxh6 1-0

[Event "Politiken Cup 2011"]
[Site "Helsingor"]
[Date "2011.08.01"]
[Round "4.123"]
[White "Rasmussen, Jonas H"]
[Black "Rasmussen, Morten"]
[Result "1/2-1/2"]
[WhiteElo "1598"]
[BlackElo "1889"]
[PlyCount "63"]
[EventDate "2011.??.??"]
[WhiteTeam "Bergen"]
[BlackTeam "Enkeltmedlem"]

1. d4 d5 2. Bg5 h6 3. Bh4 c6 4. Nd2 Bf5 5. Ngf3 Nf6 6. e3 e6 7. Bg3 Bd6 8. Bxd6
Qxd6 9. c4 Nbd7 10. Be2 O-O 11. O-O Qc7 12. cxd5 exd5 13. Nb3 Rae8 14. Bd3 Bxd3
15. Qxd3 Ne4 16. Nfd2 f5 17. Nc1 Nxd2 18. Qxd2 f4 19. Nd3 fxe3 20. fxe3 Nf6 21.
Ne5 Re6 22. Nd3 Ng4 23. Rxf8+ Kxf8 24. Nf4 Re8 25. Rf1 Kg8 26. Re1 Qd6 27. h3
Nf6 28. b4 a6 29. a3 Qd7 30. Nd3 Ne4 31. Qe2 Qe7 32. Ne5 1/2-1/2

[Event "Politiken Cup 2011"]
[Site "Helsingor"]
[Date "2011.08.01"]
[Round "4.125"]
[White "Andersen, Dag"]
[Black "Jacobsen, Caroline Beer"]
[Result "1-0"]
[WhiteElo "1885"]
[BlackElo "1586"]
[PlyCount "79"]
[EventDate "2011.??.??"]
[WhiteTeam "Sarpsborg Sjakklubb"]
[BlackTeam "Stavanger"]

1. d4 Nf6 2. Nf3 e6 3. Bg5 c5 4. e3 Qb6 5. Nbd2 Qxb2 6. Bxf6 gxf6 7. Bd3 d5 8.
c4 cxd4 9. exd4 dxc4 10. Bxc4 Nd7 11. O-O b6 12. Qa4 Bb7 13. Bb5 Rd8 14. a3 a6
15. Bxd7+ Rxd7 16. Rfb1 b5 17. Qa5 Qc2 18. Rc1 Qf5 19. Rc7 Qd5 20. Nf1 Bd6 21.
Rxd7 Kxd7 22. Ne3 Qe4 23. Re1 Qc6 24. Qd2 Bxa3 25. Rd1 Kd6 26. d5 exd5 27. Nd4
Qc5 28. Nef5+ Kd7 29. Qh6 Qb6 30. Qg7 Qd8 31. Qxf7+ Kc8 32. Ne6 Qd7 33. Qxf6
Re8 34. Ned4 Kb8 35. h4 b4 36. Nb3 Qe6 37. Qg5 Rg8 38. Qf4+ Kc8 39. Nd6+ Kb8
40. Nb5+ 1-0

[Event "Politiken Cup 2011"]
[Site "Helsingor"]
[Date "2011.08.01"]
[Round "4.126"]
[White "Jensen, Jonbert M S"]
[Black "Storch, Dominik"]
[Result "0-1"]
[WhiteElo "1595"]
[BlackElo "1883"]
[PlyCount "71"]
[EventDate "2011.??.??"]
[WhiteTeam "AS04"]
[BlackTeam "Sabt Franfurter SV 1860"]

1. e4 d5 2. exd5 Nf6 3. Nf3 Bg4 4. Bb5+ c6 5. dxc6 Nxc6 6. Bxc6+ bxc6 7. O-O e5
8. d3 Bd6 9. Bg5 Qb6 10. Bxf6 gxf6 11. Nbd2 Qxb2 12. Nc4 Qb8 13. Rb1 Qc7 14. h3
Bh5 15. g4 Bg6 16. Nxd6+ Qxd6 17. Rb7 O-O 18. Qd2 Rfb8 19. Rfb1 Rxb7 20. Rxb7
c5 21. Nh4 Qd5 22. Rb2 Rd8 23. Rb5 a6 24. Rb6 Kg7 25. Rxa6 c4 26. Ra5 Qc6 27.
Nxg6 hxg6 28. Qe3 cxd3 29. cxd3 Rb8 30. Qc1 Qd7 31. Qc2 Qd4 32. Ra4 Qa1+ 33.
Kg2 Rb1 34. Ra3 Rh1 35. Kf3 Rxh3+ 36. Ke4 0-1

[Event "Politiken Cup 2011"]
[Site "Helsingor"]
[Date "2011.08.01"]
[Round "4.127"]
[White "Moller, Arne"]
[Black "Overas, Vegard"]
[Result "0-1"]
[WhiteElo "1881"]
[BlackElo "1561"]
[PlyCount "73"]
[EventDate "2011.??.??"]
[WhiteTeam "Amager"]

1. e4 d5 2. exd5 Nf6 3. d4 Nxd5 4. c4 Nb6 5. Nf3 Nc6 6. Be3 Bg4 7. Nc3 e6 8. a3
Na5 9. c5 Nd7 10. b4 Nc6 11. Be2 Ne7 12. O-O Nf5 13. h3 Bh5 14. Nh2 Bxe2 15.
Qxe2 c6 16. Rad1 Be7 17. d5 cxd5 18. Nxd5 exd5 19. Rxd5 Nxe3 20. Qxe3 Rc8 21.
Rfd1 Rc7 22. Re1 Kf8 23. Ng4 Qe8 24. Qf4 Qc8 25. Ne5 Nxe5 26. Rdxe5 Qd8 27. Qe4
f6 28. Re6 h5 29. b5 h4 30. a4 Rh5 31. Qg6 Rg5 32. Qh7 Qd5 33. Qh8+ Kf7 34. f3
Qxf3 35. R1e2 Bxc5+ 36. Kh1 Qf1+ 37. Kh2 0-1

[Event "Politiken Cup 2011"]
[Site "Helsingor"]
[Date "2011.08.01"]
[Round "4.128"]
[White "Sjol, Henrik"]
[Black "Hansen, Erik Friberg"]
[Result "1-0"]
[WhiteElo "1880"]
[BlackElo "1539"]
[PlyCount "75"]
[EventDate "2011.??.??"]
[WhiteTeam "Akademisk"]
[BlackTeam "Ishøj"]

1. d4 d5 2. Nf3 Nf6 3. g3 e6 4. Bg2 Bd6 5. O-O O-O 6. c4 b6 7. Nc3 a6 8. Ne5
Bb7 9. a3 Nbd7 10. Nxd7 Qxd7 11. b4 c5 12. dxc5 bxc5 13. cxd5 Rad8 14. Qb3 Nxd5
15. Nxd5 Bxd5 16. Bxd5 exd5 17. Qxd5 Qc7 18. Qc4 Qb6 19. Be3 Rc8 20. Rac1 Qc6
21. Rfd1 Rfd8 22. Bxc5 Bxc5 23. Rxd8+ Rxd8 24. Qxc5 Qe6 25. Qc4 Qd6 26. Qf4 Qd5
27. e4 Qd4 28. Kg2 h6 29. Rc7 Rd7 30. Rxd7 Qxd7 31. Qb8+ Kh7 32. Qe5 Kg8 33.
Qd5 Qe7 34. Qc4 Qf6 35. Qc8+ Kh7 36. Qf5+ Qxf5 37. exf5 g6 38. a4 1-0

[Event "Politiken Cup 2011"]
[Site "Helsingor"]
[Date "2011.08.01"]
[Round "4.132"]
[White "Skovle, Lars"]
[Black "Frederiksen, Jens"]
[Result "1-0"]
[WhiteElo "1656"]
[BlackElo "1876"]
[PlyCount "111"]
[EventDate "2011.??.??"]
[WhiteTeam "Helsinge"]
[BlackTeam "Caissa Woluwè"]

1. e4 e5 2. Nf3 Nc6 3. d4 exd4 4. Nxd4 Qf6 5. c3 Bc5 6. Be3 a6 7. g3 Nge7 8.
Bg2 Ne5 9. O-O O-O 10. Qe2 d6 11. h3 Bxd4 12. cxd4 N5c6 13. Rd1 Ng6 14. Nc3 Qd8
15. Rac1 Nce7 16. f4 f5 17. Qc4+ Kh8 18. e5 b5 19. Qb3 c6 20. d5 c5 21. Bxc5
dxc5 22. d6 Qb6 23. Kh2 c4 24. Qc2 Nc6 25. Nd5 Qc5 26. b3 Be6 27. Nc7 Nb4 28.
Nxe6 Qc8 29. Qd2 Qxe6 30. Qxb4 Rad8 31. bxc4 bxc4 32. Rxc4 Rb8 33. Qc3 Rfd8 34.
Bd5 Qe8 35. Rc7 Rd7 36. Rc1 h5 37. Rc8 Rd8 38. Rxd8 Qxd8 39. Qc7 Qf8 40. Rc2 h4
41. d7 hxg3+ 42. Kxg3 Ne7 43. Bf3 g5 44. e6 gxf4+ 45. Qxf4 Qg8+ 46. Kf2 Rd8 47.
Qd6 Qg5 48. Qd4+ Kh7 49. Re2 f4 50. Qe4+ Kh6 51. Kf1 Rb8 52. Rg2 Qf6 53. Kg1 a5
54. Kh2 Qh4 55. Qe5 a4 56. Qg7# 1-0

[Event "Politiken Cup 2011"]
[Site "Helsingor"]
[Date "2011.08.01"]
[Round "4.124"]
[White "Bremer, Erik"]
[Black "Randlov, Carsten"]
[Result "1/2-1/2"]
[WhiteElo "1578"]
[BlackElo "1872"]
[PlyCount "67"]
[EventDate "2011.??.??"]
[WhiteTeam "Blindes Skakklub"]
[BlackTeam "AS04"]

1. f4 Nf6 2. Nf3 d5 3. e3 c5 4. b3 g6 5. Bb2 Bg7 6. Be2 O-O 7. O-O Nc6 8. Ne5
Bf5 9. d3 Qc7 10. Nxc6 Qxc6 11. Nd2 Rad8 12. Bf3 Qc8 13. Qe2 Rfe8 14. Rad1 b5
15. e4 dxe4 16. dxe4 Nxe4 17. Bxg7 Nxd2 18. Rxd2 Rxd2 19. Qxd2 Kxg7 20. Re1 Qd7
21. Qc3+ Qd4+ 22. Qxd4+ cxd4 23. Bc6 Rd8 24. Bxb5 Bxc2 25. Re2 Bf5 26. Rd2 d3
27. Kf2 Rd4 28. g3 Kf6 29. Bc4 h6 30. Ke3 Re4+ 31. Kf2 Rd4 32. Ke3 e5 33. fxe5+
Kxe5 34. Bxd3 1/2-1/2

[Event "Politiken Cup 2011"]
[Site "Helsingor"]
[Date "2011.08.01"]
[Round "4.129"]
[White "Kyrkjebo, Hanna B"]
[Black "Pedersen, Bent O"]
[Result "0-1"]
[WhiteElo "1518"]
[BlackElo "1860"]
[PlyCount "140"]
[EventDate "2011.??.??"]
[WhiteTeam "Stavanger"]
[BlackTeam "Hvidovre"]

1. e4 c5 2. Nc3 Nc6 3. g3 g6 4. Bg2 Bg7 5. d3 Nf6 6. f4 d6 7. Nf3 O-O 8. O-O
Rb8 9. h3 Bd7 10. Be3 e6 11. Rb1 a6 12. e5 Ne8 13. exd6 Nd4 14. Ne4 b6 15. c3
Nf5 16. Bf2 Nexd6 17. Qe2 Nxe4 18. dxe4 Ne7 19. Qxa6 Ra8 20. Qc4 Ra4 21. Qd3
Bc6 22. Qxd8 Rxd8 23. e5 Rxa2 24. b4 cxb4 25. Rxb4 b5 26. Nd4 Bxg2 27. Kxg2 Nd5
28. Rb3 Ne3+ 29. Kg1 Nxf1 30. Kxf1 Bf8 31. Rxb5 Rc8 32. Rb3 Bc5 33. Kg1 Bxd4
34. cxd4 Rc1+ 35. Kg2 Rcc2 36. Rf3 Kf8 37. Kg1 Ke7 38. Kg2 Kd7 39. Kg1 Kc6 40.
Kg2 Kd5 41. Kg1 Re2 42. f5 Ke4 43. Rf4+ Kd5 44. fxg6 fxg6 45. h4 Rad2 46. Rf7
Rxf2 47. Rxf2 Rxf2 48. Kxf2 Kxd4 49. Kf3 Kxe5 50. Ke3 Kf5 51. Kf3 h5 52. Ke3
Kg4 53. Kf2 e5 54. Kg2 e4 55. Kf2 e3+ 56. Kg2 e2 57. Kf2 e1=Q+ 58. Kxe1 Kxg3
59. Kf1 Kxh4 60. Kg2 Kg4 61. Kh2 g5 62. Kg2 h4 63. Kh2 Kf3 64. Kg1 g4 65. Kf1
g3 66. Kg1 g2 67. Kh2 Kf2 68. Kh3 g1=Q 69. Kxh4 Kf3 70. Kh3 Qg3# 0-1

[Event "Politiken Cup 2011"]
[Site "Helsingor"]
[Date "2011.08.01"]
[Round "4.133"]
[White "Kyrkjebo, Marte B"]
[Black "Borg, Flemming"]
[Result "1-0"]
[WhiteElo "1522"]
[BlackElo "1851"]
[PlyCount "59"]
[EventDate "2011.??.??"]
[WhiteTeam "Stavenger"]
[BlackTeam "Allerød"]

1. e4 Nf6 2. Nc3 e5 3. Nf3 Nc6 4. a3 d5 5. Bb5 Bg4 6. h3 Bxf3 7. Qxf3 d4 8. Nd5
Qd6 9. d3 O-O-O 10. Bg5 Be7 11. Qf5+ Kb8 12. Bxc6 bxc6 13. Nxe7 Qxe7 14. f4
exf4 15. O-O h6 16. Bxf6 gxf6 17. Rxf4 Rd6 18. Raf1 Rg8 19. Qc5 Rg5 20. Rf5 Qd7
21. Qb4+ Kc8 22. Kh2 c5 23. Qxc5 Rc6 24. Qxa7 Qd6+ 25. Kh1 Rxc2 26. R5f2 Rxf2
27. Rxf2 c5 28. Qxf7 Qg3 29. Qxf6 Qxd3 30. Qe6+ 1-0

[Event "Politiken Cup 2011"]
[Site "Helsingor"]
[Date "2011.08.01"]
[Round "4.134"]
[White "Kopperberg, Steen"]
[Black "Overas"]
[Result "0-1"]
[WhiteElo "1782"]
[BlackElo "1503"]
[PlyCount "84"]
[EventDate "2011.??.??"]
[WhiteTeam "Frederiksværk"]

1. d4 d5 2. Nf3 Nf6 3. Bg5 e6 4. c3 Nbd7 5. Nbd2 Be7 6. Qc2 c5 7. Bxf6 Nxf6 8.
e3 O-O 9. dxc5 Bxc5 10. Bd3 Qc7 11. Ng5 h6 12. Ngf3 e5 13. Bf5 e4 14. Bxc8 Qxc8
15. Nd4 Qg4 16. O-O Qh5 17. h3 g5 18. f3 Rae8 19. N2b3 Bb6 20. Qf2 Bc7 21. f4
gxf4 22. exf4 Kh7 23. Rae1 Rg8 24. Re3 Rg7 25. Rg3 Reg8 26. Rxg7+ Rxg7 27. Qe3
Qg6 28. Rf2 Nh5 29. Ne2 Bd8 30. g4 Qa6 31. Nbd4 Qxa2 32. Kh2 Nf6 33. Ng3 Rxg4
34. Qe2 Rg8 35. Ngf5 Bc7 36. Ne7 Re8 37. Ndf5 Bd8 38. Nxd5 Qxd5 39. Ne3 Qc5 40.
Ng4 Nxg4+ 41. hxg4 Bb6 42. Kg3 Qxf2+ 0-1

[Event "Politiken Cup 2011"]
[Site "Helsingor"]
[Date "2011.08.01"]
[Round "4.144"]
[White "Sønderskov, Lissi"]
[Black "Christiansen, Niels Jorgen"]
[Result "0-1"]
[WhiteElo "1099"]
[BlackElo "1768"]
[PlyCount "77"]
[EventDate "2011.??.??"]
[WhiteTeam "Allerød"]
[BlackTeam "Helsinge"]

1. d4 Nf6 2. Nf3 d5 3. e3 Bg4 4. Nbd2 Nbd7 5. b3 e5 6. Be2 e4 7. Ne5 Bxe2 8.
Qxe2 Bb4 9. Qb5 Bc3 10. Rb1 O-O 11. O-O Nxe5 12. dxe5 Bxe5 13. f4 exf3 14. Nxf3
Bc3 15. Qxb7 Qd6 16. Qb5 Ne4 17. Rd1 c6 18. Qe2 Qf6 19. Bd2 Rfe8 20. Rf1 Qe6
21. Rf2 Bxd2 22. Nxd2 Nc3 23. Qe1 Nxb1 24. Nxb1 Qxe3 25. Qb4 Qc1+ 26. Rf1 Qxc2
27. Qg4 Qc5+ 28. Kh1 Rad8 29. Nd2 Qe7 30. Nf3 Qe2 31. Rg1 Qxa2 32. h4 Qb2 33.
h5 h6 34. Ng5 Qf6 35. Nf3 Re4 36. Qh3 Rde8 37. Nd2 Re1 38. g3 Rxg1+ 39. Kxg1
0-1

[Event "Politiken Cup 2011"]
[Site "Helsingor"]
[Date "2011.08.01"]
[Round "4.135"]
[White "Maechel, Michael"]
[Black "Savio, Niklas"]
[Result "1-0"]
[WhiteElo "1756"]
[BlackElo "1040"]
[PlyCount "37"]
[EventDate "2011.??.??"]
[WhiteTeam "Helsingør"]
[BlackTeam "Caissa"]

1. e4 e6 2. d4 d5 3. Nc3 Nf6 4. Bg5 Be7 5. e5 Nfd7 6. Bxe7 Qxe7 7. Qg4 O-O 8.
Bd3 f6 9. Qh3 g6 10. f4 Qb4 11. Qxe6+ Kg7 12. Nge2 fxe5 13. fxe5 Nb6 14. a3
Qxb2 15. Qe7+ Kg8 16. Ra2 Rf7 17. Qxf7+ Kxf7 18. O-O+ Kg7 19. Rxb2 1-0

[Event "Politiken Cup 2011"]
[Site "Helsingor"]
[Date "2011.08.01"]
[Round "4.136"]
[White "Pedersen, Carl Aage"]
[Black "Hojgard, Brandur"]
[Result "1-0"]
[WhiteElo "1752"]
[BlackElo "1480"]
[PlyCount "79"]
[EventDate "2011.??.??"]
[WhiteTeam "Gladsaxe"]
[BlackTeam "TT Tofir"]

1. d4 d5 2. c4 e5 3. dxe5 d4 4. Nf3 Nc6 5. g3 Nge7 6. Bg2 Ng6 7. O-O Be7 8.
Nbd2 Ngxe5 9. Nxe5 Nxe5 10. Nf3 Nxf3+ 11. Bxf3 O-O 12. Qd3 c5 13. Rd1 Qb6 14.
b3 Re8 15. Bb2 Bf6 16. Be4 g6 17. Qf3 Re7 18. e3 h5 19. Re1 Bg4 20. Qg2 Rae8
21. f3 dxe3 22. Rxe3 Bxb2 23. Qxb2 Bd7 24. Rae1 f5 25. Bd5+ Be6 26. Qf6 Bxd5
27. Qxb6 axb6 28. Rxe7 Rxe7 29. Rxe7 Bxf3 30. Re6 Kf7 31. Rxb6 Bc6 32. Rxc6
bxc6 33. a4 Ke7 34. Kf2 Kd7 35. Ke3 g5 36. h4 gxh4 37. gxh4 Kc7 38. Kf4 Kb6 39.
Kxf5 Ka5 40. Ke5 1-0